000 00275nam a22001337a 4500
008 170216b xxu||||| |||| 00| 0 eng d
020 _a039540469
041 _aeng
080 _a615
100 _a5
101 _aSHF
245 _aTHE NATURAL MIND
_cWEIL
942 _2udc
_cBK
999 _c5707
_d5707